000 01386nem0a2200313 4500
001 RU\NLR\BIBL_A\022445891
005 20250627132514.0
010 _a978-5-09-120625-8
_92 000
021 _aRU
_bКА-П-24-000205
035 _a(NLR Aleph) 022445891
090 _a13355387
_c13355387
100 _a20250205d2025 |||y0rusy50 ca
101 0 _arus
102 _aRU
120 _abya xx||
123 3 _aa
_b25000000
_b1100000
200 1 _aГеография.
_bКарты
_eАтлас: 10-11 классы
_fСост. и подгот. к изд. АО "Издательство "Просвещение" в 2019 г.
_gАвт.-сост. А. Е. Козаренко, Ред. А. В. Сильянова
206 _a[М-бы разные]
210 _aМосква
_cПросвещение
_d2025
215 _a1 атл. (40 с.)
_cцв., текст, ил.
_d21х30м
509 0 1 _7ca
_aМир
_92633185
_3RU\NLR\auth_crt\551
606 1 _aЭкономическая география
_jАтласы учебные для средней школы
_9944451
_3RU\NLR\AUTH\6631366
608 _aСоциально-экономические атласы учебные
_92298314
_3RU\NLR\AUTH\6601602904
702 1 _aКозаренко
_bА. Е.
_4070
702 1 _aСильянова
_bА. В.
_4340
852 _aNLR
_bК
_j4-Мир 6/5259
_m24-205
942 _cMAP
980 _aNB